000
00336nam a2200157Ia 4500
100
_a
Erl/Thomas
942
_c
BK
366
_f
25
654
_a
service oriented
245
_a
Service oriented architecture:Concepts
260
_b
Pearson Education
_c
2005
082
_a
5.1
_b
ERL
300
_a
760
546
_a
ENGLISH
999
_c
19656
_d
19656